000 00290nam a22001337a 4500
008 170327b xxu||||| |||| 00| 0 eng d
020 _a632060603
041 _aeng
080 _a616.9
100 _a8
101 _aSHM
245 _aINFECTIOUS MONONUCLEOSIS
_cCARTER, R.L
942 _2udc
_cBK
999 _c8672
_d8672